| 000 | 00338nam a2200133Ia 4500 | ||
|---|---|---|---|
| 005 | 20251222144827.0 | ||
| 008 | 251222s9999||||xx |||||||||||||| ||spa|| | ||
| 020 | _a950-808-468-5 | ||
| 082 | _a001.420.7/M42 | ||
| 100 | _aMenin, Ovide | ||
| 245 | 0 | _aReflexiones acerca de la escritura cientÃfica | |
| 264 | _bHomo Sapiens | ||
| 942 | _cLIB | ||
| 999 |
_c20694 _d20694 |
||